| 000 | 00493nam a2200205Ia 4500 | ||
|---|---|---|---|
| 005 | 20240823013926.0 | ||
| 008 | 240823s9999||||xx |||||||||||||| ||und|| | ||
| 020 | _a81-7808-381-7 | ||
| 041 | _aENGLISH | ||
| 082 | _A421 P4 | ||
| 100 | _a"Gerson,Sharon J" | ||
| 245 | 0 | _aTechnical Writing : Process and Report | |
| 250 | _a3rd | ||
| 260 |
_c2004 _b"Pearson," |
||
| 500 | _aTRANSFERED | ||
| 650 |
_aWriting _bEnglish |
||
| 700 | _a" Gerson,Steven M" | ||
| 942 | _cBK | ||
| 999 |
_c168621 _d168621 |
||